00541nam a2200181 a 45000010010000000030011000100080041000210350026000620820014000881000020001022450035001222600053001576500011002109420012002219520091002339980020003249990015003440000-8680ELIB.Books110520 2002  a(ELIB.Books)0000-8826 aB.Th bSi aSi Thu Tun, Saw aThe World of the New Testament bInsein: Karen Baptist Theolgical Seminary c2002 aThesis 2ddccBK 00102ddc4070aKBTSbKBTSd2011-05-20l0p30104r2022-01-22 00:00:00w2022-01-22yBK cbate2011-05-20 c8680d8680